000 00580nam a22001817a 4500
003 UA-OsUOA
001 10600
007 ta
008 20050201b un ||||| |||| 00| 0 ukr d
100 _aПархоменко В.
942 _cSA
040 _aUA-OsUOA
_cUA-OsUOA
_dUA-OsUOA
245 _aІнвентаризація як інструмент достовірності фінансової звітності
300 _aС.21-23
955 _a0
773 0 _w0
_tПраця і зарплата
_dКиїв
_d2005
_g№4
650 7 _aБухгалтерський облік
_2UDC
999 _c296761
_d296761